Elements of power system analysis (Record no. 3209)

000 -LEADER
fixed length control field 00596nam a2200217 a 4500
001 - CONTROL NUMBER
control field 3209
003 - CONTROL NUMBER IDENTIFIER
control field BD-DhUET
008 - FIXED-LENGTH DATA ELEMENTS--GENERAL INFORMATION
fixed length control field 810331s1982 nyua 001 0 eng
020 ## - INTERNATIONAL STANDARD BOOK NUMBER
International Standard Book Number 0070612781
020 ## - INTERNATIONAL STANDARD BOOK NUMBER
International Standard Book Number 007061279X
040 ## - CATALOGING SOURCE
Original cataloging agency DLC
Transcribing agency DLC
Modifying agency BD-DhUET
082 00 - DEWEY DECIMAL CLASSIFICATION NUMBER
Classification number 623.12
Item number STE/1982
100 1# - MAIN ENTRY--PERSONAL NAME
Personal name Stevenson, William D.
245 10 - TITLE STATEMENT
Title Elements of power system analysis
250 ## - EDITION STATEMENT
Edition statement 4th ed.
260 ## - PUBLICATION, DISTRIBUTION, ETC. (IMPRINT)
Place of publication, distribution, etc. New York
Name of publisher, distributor, etc. McGraw-Hill
Date of publication, distribution, etc. 1982
300 ## - PHYSICAL DESCRIPTION
Extent xii, 436 p.
Other physical details ill.
Dimensions 25 cm.
490 ## - SERIES STATEMENT
Series statement McGRAW-HILL series in electrical engineering
650 #0 - SUBJECT ADDED ENTRY--TOPICAL TERM
Topical term or geographic name as entry element Electric power system stability
942 ## - ADDED ENTRY ELEMENTS (KOHA)
Koha item type General Book
Holdings
Copy number Source of classification or shelving scheme Date acquired Koha date last seen Koha date last borrowed Koha normalized classification for sorting Koha full call number Lost status Sublocation or collection (holding branch) Withdrawn status Piece designation (barcode) Not for loan Koha issues (times borrowed) Koha item type Price effective from Damaged status Koha renewals Location (home branch) Shelving location
1 2014-10-222021-09-272021-09-27623_120000000000000_STE_1982623.12/STE/1982 Central Library, BUET 110313 52General Book2014-10-22  Central Library, BUETCirculation section
2 2015-02-102015-02-10 623_120000000000000_STE_1982623.12/STE/1982 Central Library, BUET 69178  General Book2015-02-10  Central Library, BUETCirculation section
3 2015-02-112021-08-312021-08-31623_120000000000000_STE_1982623.12/STE/1982 Central Library, BUET 78208  22General Book2015-02-11 2Central Library, BUETCirculation section
4 2015-06-242015-06-24 623_120000000000000_STE_1982623.12/STE/1982 Central Library, BUET 67386  Reading Item2015-06-24  Central Library, BUETReading section
5 2015-06-242015-06-24 623_120000000000000_STE_1982623.12/STE/1982 Central Library, BUET 67384  Reading Item2015-06-24  Central Library, BUETReading section
6 2015-06-242015-06-24 623_120000000000000_STE_1982623.12/STE/1982 Central Library, BUET 67385  Reading Item2015-06-24  Central Library, BUETReading section
7 2015-06-242015-06-24 623_120000000000000_STE_1982623.12/STE/1982 Central Library, BUET 63905  Reading Item2015-06-24  Central Library, BUETReading section
8 2015-06-252015-06-25 623_120000000000000_STE_1982623.12/STE/1982 Central Library, BUET 63906  Reading Item2015-06-25  Central Library, BUETReading section
9 2015-06-252015-06-25 623_120000000000000_STE_1982623.12/STE/1982 Central Library, BUET 63907  Reading Item2015-06-25  Central Library, BUETReading section
10 2015-06-282015-06-28 623_120000000000000_STE_1982623.12/STE/1982 Central Library, BUET 63908  Reading Item2015-06-28  Central Library, BUETReading section